000 00894nam a2200241 a 4500
999 _c11140
_d11140
001 11140
003 BD-JhCC
005 20190921111250.0
008 190603b 2015bg a|||| ||a| 001 0 ben d
020 _a9789848796962
035 _a(BD-JhCC)11140
040 _aBD-JhCC
_dBD-JhCC
041 _aben
082 _bALA 2015
_a860.998
100 _aআলাউদ্দিন, রাজু
245 _aইস্পানো-আমেরিকায় রবীন্দ্রচর্চার সংক্ষিপ্ত ইতিহাস:
_bদক্ষিণে সূর্যোদয় /
_cরাজু আলাউদ্দিন ।
260 _aঢাকা:
_bঅবসর;
_c২০১৫.
300 _a২০৭ পৃঃ . :
_bill;
_c২২ সেমি.
650 _aLatin American literature
650 _aAuthors, Latin American
942 _2ddc
_cBK